00796nam a2200205 a 450000100100000000500170001000800410002704000250006808200150009310000320010824501250014026000370026530000210030249000400032370000410036383000470040404900090045195201130046099900170057300002587920200930024124.0101201s1976 ag a r 000 | spa d aDO-SdBNPbspacBNPHU axxxbB719m1 aBonow, Iva Waisberg,95273210aManual de trabajos prácticos en la psicología educacional /cIva Waisberg Bonow; traducción María Celia Eguidar. aBuenos Aires :bKapelusz,c1976. a351 p. ;c23 cm.1 aBiblioteca de Cultura Pedagógica.1 aEguidar , María Celia,etr.952733 0aBiblioteca de Cultura Pedagógica.929172 aBNGR 001050718MOaGRbGRcCTd2011-02-23iLF1l0oxxx B719mp25879-10r2020-06-25w2020-06-25y1ZNo se presta c25371d25371